Spider-Man vs Dracula / (Record no. 285456)
[ view plain ]
| 000 -LEADER | |
|---|---|
| fixed length control field | 02082cam a2200529Ii 4500 |
| 001 - CONTROL NUMBER | |
| control field | ocn883665794 |
| 003 - CONTROL NUMBER IDENTIFIER | |
| control field | OCoLC |
| 005 - DATE AND TIME OF LATEST TRANSACTION | |
| control field | 20200320193222.0 |
| 008 - FIXED-LENGTH DATA ELEMENTS--GENERAL INFORMATION | |
| fixed length control field | 140715s2014 nyua j 000 1 eng d |
| 019 ## - | |
| -- | 868040545 |
| -- | 868044611 |
| -- | 892915050 |
| 020 ## - INTERNATIONAL STANDARD BOOK NUMBER | |
| International Standard Book Number | 9781484711101 |
| 020 ## - INTERNATIONAL STANDARD BOOK NUMBER | |
| International Standard Book Number | 1484711106 |
| 020 ## - INTERNATIONAL STANDARD BOOK NUMBER | |
| International Standard Book Number | 9780606352864 |
| 020 ## - INTERNATIONAL STANDARD BOOK NUMBER | |
| International Standard Book Number | 0606352864 |
| 020 ## - INTERNATIONAL STANDARD BOOK NUMBER | |
| Terms of availability | 12.49 |
| 035 ## - SYSTEM CONTROL NUMBER | |
| System control number | (OCoLC)883665794 |
| Canceled/invalid control number | (OCoLC)868040545 |
| -- | (OCoLC)868044611 |
| -- | (OCoLC)892915050 |
| 040 ## - CATALOGING SOURCE | |
| Original cataloging agency | GZD |
| Language of cataloging | eng |
| Description conventions | rda |
| Transcribing agency | GZD |
| Modifying agency | BTCTA |
| -- | BDX |
| -- | YDXCP |
| -- | OCP |
| -- | CNCAR |
| -- | JCX |
| -- | IUI |
| -- | WACOL |
| 049 ## - LOCAL HOLDINGS (OCLC) | |
| Holding library | WACL |
| 082 #4 - DEWEY DECIMAL CLASSIFICATION NUMBER | |
| Classification number | [E] |
| 092 ## - LOCALLY ASSIGNED DEWEY CALL NUMBER (OCLC) | |
| Classification number | E |
| Item number | Wya |
| 100 1# - MAIN ENTRY--PERSONAL NAME | |
| Personal name | Wyatt, Chris, |
| Dates associated with a name | 1975- |
| 9 (RLIN) | 5894252 |
| 245 10 - TITLE STATEMENT | |
| Title | Spider-Man vs Dracula / |
| Statement of responsibility, etc | adapted by Chris "Doc" Wyatt. |
| 246 3# - VARYING FORM OF TITLE | |
| Title proper/short title | Spider-Man versus Dracula |
| 246 1# - VARYING FORM OF TITLE | |
| Display text | At head of title : |
| Title proper/short title | Marvel |
| 264 #1 - Production, Publication, Distribution, Manufacture, and Copyright Notice. | |
| Place of production, publication, distribution, manufacture | New York : |
| Name of producer, publisher, distributor, manufacturer | Marvel Press, |
| Date of production, publication, distribution, manufacture, or copyr | [2014] |
| 300 ## - PHYSICAL DESCRIPTION | |
| Extent | 24 pages : |
| Other physical details | color illustrations ; |
| Dimensions | 21 cm. |
| 336 ## - Content Type | |
| Content type term | text |
| 336 ## - Content Type | |
| Content type term | still image |
| 337 ## - Media type | |
| Media type term | unmediated |
| 338 ## - Carrier type | |
| Carrier type term | volume |
| 490 1# - SERIES STATEMENT | |
| Series statement | Ultimate Spider-Man |
| 500 ## - GENERAL NOTE | |
| General note | "Based on Marvel's animated series Ultimate Spider-Man." |
| 520 ## - SUMMARY, ETC. | |
| Summary, etc | When Dracula, king of the vampies, returns to control the living and the undead, it's up to Spider-Man to stop him. |
| 521 ## - TARGET AUDIENCE NOTE | |
| Target audience note | Childrens |
| Source | , Penworthy |
| 650 #0 - SUBJECT ADDED ENTRY--TOPICAL TERM | |
| Topical term or geographic name as entry element | Spider-Man (Fictitious character) |
| Form subdivision | Juvenile fiction. |
| 9 (RLIN) | 5712323 |
| 650 #0 - SUBJECT ADDED ENTRY--TOPICAL TERM | |
| Topical term or geographic name as entry element | Dracula, Count (Fictitious character) |
| Form subdivision | Juvenile fiction. |
| 9 (RLIN) | 5766605 |
| 650 #0 - SUBJECT ADDED ENTRY--TOPICAL TERM | |
| Topical term or geographic name as entry element | Heroes |
| Form subdivision | Juvenile fiction. |
| 9 (RLIN) | 5674994 |
| 830 #0 - SERIES ADDED ENTRY--UNIFORM TITLE | |
| Uniform title | Spider-Man (New York, N.Y.) |
| 9 (RLIN) | 5894253 |
| 938 ## - | |
| -- | Baker and Taylor |
| -- | BTCP |
| -- | BK0014283196 |
| 938 ## - | |
| -- | Brodart |
| -- | BROD |
| -- | 108384004 |
| 938 ## - | |
| -- | YBP Library Services |
| -- | YANK |
| -- | 11567090 |
| 942 ## - ADDED ENTRY ELEMENTS (KOHA) | |
| Koha item type | BOOK |
| 948 ## - LOCAL PROCESSING INFORMATION (OCLC); SERIES PART DESIGNATOR (RLIN) | |
| Series part designator, SPT (RLIN) | 01/05/2015 |
| z (OCLC) | Sirsi |
| 994 ## - | |
| -- | 02 |
| -- | WACOL |
| 996 ## - | |
| -- | 114758 |
| -- | 34301001399114 |
| -- | E |
| -- | bk |
| -- | wcl |
| -- | i |
| -- | 12 |
| -- | 12.49 |
| -- | Penworthy |
| -- | Wya |
| -- | 01/08/2015 |
| -- | 10/01/2019 |
| -- | 09/11/2019 |
| 996 ## - | |
| -- | 114758 |
| -- | 34301001414764 |
| -- | E |
| -- | bk |
| -- | wcl |
| -- | i |
| -- | 20 |
| -- | 12.49 |
| -- | penworthy |
| -- | Wya |
| -- | 03/16/2015 |
| -- | 08/21/2019 |
| -- | 07/31/2019 |
| Withdrawn status | Lost status | Source of classification or shelving scheme | Damaged status | Not for loan | Collection code | Home library | Current library | Shelving location | Date acquired | Source of acquisition | Cost, normal purchase price | Total Checkouts | Total Renewals | Full call number | Barcode | Date last seen | Date checked out | Cost, replacement price | Price effective from | Koha item type |
|---|---|---|---|---|---|---|---|---|---|---|---|---|---|---|---|---|---|---|---|---|
| Dewey Decimal Classification | Children Picture Books | Wasatch County Library | Wasatch County Library | Main Floor Childrens Area | 03/16/2015 | Penworthy | 12.49 | 59 | 25 | E Superheroes | 34301001414764 | 12/12/2025 | 11/07/2025 | 12.49 | 03/20/2020 | BOOK |
